000 00341nam a22001217a 4500
020 _a0262025108
082 _a006.3
_bBRE
100 _aBreazeal, Cynthia L.
245 _aDesigning and Social Robots /
_cCynthia L. Breazeal
260 _aLondon :
_bThe MIT Press ,
_c2002.
300 _aXIII ,263p. ;
_bHardbinding ,
942 _2ddc
_cBK
999 _c611522
_d611522